Introducción a la etología para psicólogos /

Gespeichert in:
Bibliographische Detailangaben
1. Verfasser: Hinde, Robert A. (autor)
Format: Buch
Sprache:Spanisch
Veröffentlicht: Buenos Aires, Argentina : Nueva Visión, 1977, c1977
Schriftenreihe:(Psicología Contemporánea. Serie Menor)
Schlagworte:
Tags: Tag hinzufügen
Keine Tags, Fügen Sie das erste Tag hinzu!

MARC

LEADER 00000nam^a2200000^a^4500
001 000569639
005 20250521000000.0
009 20260526153033.166
037 |a Acervo ITESO - Biblioteca 
041 |a ESP 
082 |a 156.  |b HIN 
100 |a Hinde, Robert A.  |e (autor) 
245 1 0 |a Introducción a la etología para psicólogos /  |c R. A. Hinde ; tr. por Daniel Zlochevsky Landes. 
264 4 |a Buenos Aires, Argentina :  |b Nueva Visión,  |c 1977, c1977 
300 |a 97 p. 
336 |a texto  |b txt  |2 rdacontenido 
337 |a sin mediación  |b n  |2 rdamedio 
338 |a volumen  |b nc  |2 rdasoporte 
440 1 |a (Psicología Contemporánea.  |p Serie Menor) 
500 |a Traducción de: Some Recent Trends in Ethology 
561 |a Ex libris manuscrito de Ana María Martínez Camarena 
649 |a XX 
650 |a Zoólogos Austríacos 
650 |a Conducta Social Animal -  |x Tema Principal 
650 |a Zoología 
650 |a Etología -  |x Tema Principal 
650 |a Psicología 
650 |a Lorenz, Konrad 
910 |a Fondo Armando Suárez Gómez 
920 |a Impresos - Libros 
930 |a Fondos Especiales 
905 |a 111 
901 |a 0700006964  |b IT2  |c ESP  |i D  |u 20250521 
902 |a https://opac.biblio.iteso.mx/vufind/Record/000569639